[Event "Live Chess"]
[Site "Chess.com"]
[Date "2021.03.09"]
[White "Hubert, Rene"]
[Black "Pitz, Luc"]
[Result "0-1"]
[WhiteElo "1202"]
[BlackElo "1184"]
[Termination "lupi1956 won by resignation"]
[Round "?"]
[WhiteCountry "bel"]
[BlackCountry "bel"]

{ Cadence : 300+15 } 1. e4 e5 2. Nf3 Nc6 3. Bb5 a6 4. Ba4 Be7 5. O-O Nf6 6. 
d3 b5 7. Bb3 O-O 8. Nbd2 d5 9. exd5 Nxd5 10. c3 Bg4 11. Re1 Bg5 12. Nf1 Bxc1 
13. Rxc1 Bxf3 14. Qxf3 Nce7 15. Rxe5 c6 16. Rce1 Re8 17. c4 Nf6 18. cxb5 axb5 
19. Qe2 Ra7 20. Ng3 g6 21. h3 Rd7 22. Qf3 Nfd5 23. Bxd5 Rxd5 24. Rxe7 Rxe7 
25. Rxe7 Qxe7 26. Qe4 Qxe4 27. Nxe4 Rxd3 28. Nf6+ Kg7 29. Ne8+ Kf8 30. Nf6 
Rd2 31. Nxh7+ Ke7 32. Ng5 Rxb2 33. Nf3 Rxa2 34. Nd4 Ra6 35. Kf1 Kd6 36. Nf3 
c5 37. Ke2 Ra3 38. Kd2 Kd5 39. Ne1 Ra2+ 40. Nc2 b4 41. Kc1 Rxc2+ 42. Kxc2 c4 
43. f3 Kd4 44. Kc1 Kd3 45. f4 c3 46. g4 b3 47. f5 b2+ 48. Kb1 gxf5 49. gxf5 
Kd2 50. Ka2 c2 0-1

[Event "Live Chess"]
[Site "Chess.com"]
[Date "2021.03.09"]
[White "Sauvage, Eric"]
[Black "Dans, Guy"]
[Result "1/2-1/2"]
[WhiteElo "1593"]
[BlackElo "1052"]
[EndTime "10:10:07 PST"]
[Termination "Game drawn by agreement"]
[Round "?"]
[WhiteCountry "bel"]
[BlackCountry "bel"]

{ Cadence : 300+15 } 1. b4 e5 2. Bb2 d6 3. e4 Nf6 4. Bc4 Be7 5. Nf3 O-O 6. 
O-O Bg4 7. d3 Nc6 8. b5 Nd4 9. Bxd4 exd4 10. Nbd2 c6 11. h3 Bh5 12. Qe1 d5 
13. exd5 cxd5 14. Bb3 Bb4 15. Qe5 Re8 16. Qxd4 Bxd2 17. Nxd2 Bg6 18. Rae1 Qd7 
19. Nf3 Rxe1 20. Rxe1 Qxb5 21. Re5 Rd8 22. Qxa7 1/2-1/2

[Event "Live Chess"]
[Site "Chess.com"]
[Date "2021.03.09"]
[White "Dans, Guy"]
[Black "Sauvage, Eric"]
[Result "0-1"]
[WhiteElo "1050"]
[BlackElo "1594"]
[EndTime "10:15:48 PST"]
[Termination "Ayriq won by checkmate"]
[Round "?"]
[WhiteCountry "bel"]
[BlackCountry "bel"]

{ Cadence : 300+15 } 1. e4 c5 2. Nc3 d6 3. d3 f5 4. Bg5 h6 5. Be3 Nf6 6. f3 
Nc6 7. Qd2 Be6 8. exf5 Bxf5 9. O-O-O Qa5 10. Kb1 O-O-O 11. g4 Be6 12. b3 g5 
13. Nge2 Nb4 14. f4 Bd5 15. Nxd5 Qxa2+ 16. Kc1 Qa1# 0-1

[Event "Live Chess"]
[Site "Chess.com"]
[Date "2021.03.12"]
[White "Dans, Guy"]
[Black "Pitz, Luc"]
[Result "1-0"]
[WhiteElo "1072"]
[BlackElo "1170"]
[Termination "Kamik66 won by resignation"]
[Round "?"]
[WhiteCountry "bel"]
[BlackCountry "bel"]

{ Cadence : 300+15 } 1. e4 e5 2. Nf3 Nc6 3. Bc4 Bc5 4. O-O Nf6 5. Re1 O-O 6. 
c3 d6 7. d4 exd4 8. cxd4 Bb4 9. Bd2 Bxd2 10. Qxd2 Re8 11. Nc3 Na5 12. Bd3 Bg4 
13. Qe3 Qe7 14. e5 dxe5 15. dxe5 Nd7 16. Nd5 Qd8 17. Qe4 f5 18. Qe3 c6 19. 
Nc3 Bxf3 20. Qxf3 g6 21. e6 Nc5 22. Bc2 Nxe6 23. b4 Nd4 24. Qf4 Nxc2 25. Rxe8+ 
Qxe8 26. Rd1 Rd8 27. Rxd8 Qxd8 28. bxa5 Qf6 29. Qd2 Nb4 30. g3 Kg7 31. Qd7+ 
Qf7 32. Qd4+ Kh6 33. Qxb4 Qd7 34. Qb1 Qg7 35. Qc1+ g5 36. h4 Kh5 37. Qd1+ g4 
38. Ne2 Kh6 39. Qd2+ Kg6 40. Nf4+ Kf7 41. Qd7+ Kf8 42. Ne6+ 1-0

[Event "Live Chess"]
[Site "Chess.com"]
[Date "2021.03.12"]
[White "Pitz, Luc"]
[Black "Dans, Guy"]
[Result "1-0"]
[WhiteElo "1177"]
[BlackElo "1061"]
[Termination "lupi1956 won by resignation"]
[Round "?"]
[WhiteCountry "bel"]
[BlackCountry "bel"]

{ Cadence : 300+15 } 1. e4 c5 2. Nc3 Nf6 3. f4 d6 4. Bc4 e6 5. Nf3 Nc6 6. O-O 
Be7 7. d4 cxd4 8. Nxd4 Nxd4 9. Qxd4 Qb6 10. Qxb6 axb6 11. f5 exf5 12. exf5 
d5 13. Nxd5 Nxd5 14. Bxd5 O-O 15. Be3 b5 16. a3 Ra6 17. Rad1 Rd6 18. Bc5 Rd7 
19. Bxe7 Rxe7 20. f6 Re5 21. fxg7 Rfe8 22. Bxf7+ Kxg7 23. Bxe8 Rxe8 24. Rf2 
Bg4 25. Rdf1 b6 26. Rf7+ Kg8 27. h3 Bh5 28. R7f6 Re2 29. R1f2 Re5 30. Rxb6 
Bg6 31. Rd2 Re1+ 32. Kf2 Re5 33. Rd7 Bxc2 34. Rb8+ 1-0

[Event "Live Chess"]
[Site "Chess.com"]
[Date "2021.03.12"]
[White "Sauvage, Eric"]
[Black "Marchal, Georges"]
[Result "1/2-1/2"]
[WhiteElo "1590"]
[BlackElo "1328"]
[Termination "Game drawn by agreement"]
[Round "?"]
[WhiteCountry "bel"]
[BlackCountry "bel"]

{ Cadence : 300+15 } 1. d4 d5 2. c4 e5 3. dxe5 d4 4. Nf3 Nc6 5. e3 Bb4+ 6. 
Bd2 dxe3 7. fxe3 Bxd2+ 8. Qxd2 Bg4 9. Qxd8+ Rxd8 10. Nc3 Bxf3 11. gxf3 Nxe5 
12. Be2 Ne7 13. Rd1 Rxd1+ 14. Kxd1 c6 15. f4 Nd7 16. Kc2 Nf5 17. Kd2 Nf6 18. 
e4 Ne7 19. e5 Nd7 20. Ne4 O-O 21. Rg1 Rd8 22. Ke3 Nf5+ 23. Kf2 Nf8 24. Bg4 
Nd4 25. c5 Ng6 26. Kg3 1/2-1/2

[Event "Live Chess"]
[Site "Chess.com"]
[Date "2021.03.13"]
[White "Nadin, Corinne"]
[Black "Morgenthal, Renaud"]
[Result "1-0"]
[WhiteElo "1255"]
[BlackElo "1280"]
[Termination "Baudelaire56 won by checkmate"]
[Round "?"]
[WhiteCountry "bel"]
[BlackCountry "bel"]

{ Cadence : 300+15 } 1. d4 Nf6 2. c4 c5 3. d5 b5 4. Nc3 bxc4 5. e4 d6 6. Bxc4 
g6 7. Nf3 Bg7 8. Qc2 O-O 9. O-O Ba6 10. Bxa6 Nxa6 11. a3 Rb8 12. Re1 Qa5 13. 
Bd2 Qb6 14. Rab1 Qc7 15. e5 dxe5 16. Nxe5 Rfd8 17. Nc6 Nxd5 18. Nxb8 Nxb8 19. 
Nxd5 Rxd5 20. Bc3 e5 21. Rbd1 Qc6 22. Rxd5 Qxd5 23. Rd1 Qa2 24. Rd8+ Bf8 25. 
h3 Nc6 26. Re8 Nd4 27. Bxd4 exd4 28. Qxc5 Qb1+ 29. Kh2 Kg7 30. Qxf8+ Kf6 31. 
Qh8+ Kg5 32. Qxd4 f5 33. Qe3+ Kf6 34. Re6+ Kg7 35. Qe5+ Kh6 36. Re7 Qf1 37. 
Qf4+ Kh5 38. Rxh7# 1-0

[Event "Live Chess"]
[Site "Chess.com"]
[Date "2021.03.13"]
[White "Morgenthal, Renaud"]
[Black "Nadin, Corinne"]
[Result "1-0"]
[WhiteElo "1290"]
[BlackElo "1244"]
[Termination "Renaud1405 won by resignation"]
[Round "?"]
[WhiteCountry "bel"]
[BlackCountry "bel"]

{ Cadence : 300+15 } 1. d4 d5 2. c4 Nf6 3. Nc3 e6 4. e3 Bb4 5. Qc2 O-O 6. Nf3 
Nc6 7. Bd3 Re8 8. O-O dxc4 9. Bxc4 b6 10. a3 Bxc3 11. bxc3 Bb7 12. Bd3 Ne7 
13. e4 Ng6 14. Re1 e5 15. Bg5 h6 16. dxe5 Nxe5 17. Nxe5 Rxe5 18. Bf4 Re8 19. 
e5 Nd5 20. Bg3 Qg5 21. h4 Qg4 22. Bf5 Qc4 23. e6 fxe6 24. Bxe6+ Kh8 25. Be5 
Rxe6 26. Bxg7+ Kxg7 27. Rxe6 Qg4 28. Re4 Qg6 29. c4 Nf4 30. Re7+ Kf6 31. Qxg6+ 
Nxg6 32. Rxc7 Ba6 33. c5 bxc5 34. Rxc5 Bb7 35. Rb1 Be4 36. Re1 Bf5 37. Rc6+ 
Kf7 38. Rc7+ Kf6 39. Rd1 Nxh4 40. Rd6+ Kg5 41. Rg7+ Kh5 42. f3 Bg6 43. Rd5+ 
Nf5 44. g4+ Kh4 45. Rxg6 Ne3 46. Rxh6+ Kg3 47. Rdh5 Rd8 48. Rh3+ Kf4 49. Rf6+ 
Kg5 50. Rf7 Rd1+ 51. Kf2 Nc4 52. Rf5+ Kg6 53. Ke2 Ra1 54. Kd3 Nxa3 55. Ra5 
Rd1+ 56. Ke2 Rd2+ 57. Kxd2 Nc4+ 58. Kd3 Nxa5 59. Rh5 Nc6 60. Kc4 Ne7 61. Kb5 
Kf6 62. Ka6 Nc8 63. Kb7 Nd6+ 64. Kxa7 1-0

[Event "Live Chess"]
[Site "Chess.com"]
[Date "2021.03.14"]
[White "Nadin, Corinne"]
[Black "Hubert, Rene"]
[Result "1-0"]
[WhiteElo "1241"]
[BlackElo "1204"]
[Termination "Baudelaire56 won by resignation"]
[Round "?"]
[WhiteCountry "bel"]
[BlackCountry "bel"]

{ Cadence : 300+15 } 1. d4 Nf6 2. c4 g6 3. Nf3 c5 4. e3 Bg7 5. Nc3 O-O 6. dxc5 
Qa5 7. Bd2 Qxc5 8. Be2 a6 9. Rc1 Qb6 10. b3 d6 11. O-O Nc6 12. Nd5 Nxd5 13. 
cxd5 Ne5 14. Nd4 f5 15. f4 Nf7 16. Bc3 Bd7 17. Qc2 e5 18. dxe6 Bxd4 19. exf7+ 
Rxf7 20. Bxd4 Qa5 21. Bc4 Qd8 22. Bxf7+ Kxf7 23. Qc7 Qe8 24. Qxd6 Qe6 25. Qxe6+ 
Bxe6 26. Rc7+ Ke8 27. Rxb7 Bd5 28. Rxh7 Rc8 29. Rh8+ Kd7 30. Rxc8 Kxc8 31. 
Rc1+ 1-0

[Event "Live Chess"]
[Site "Chess.com"]
[Date "2021.03.14"]
[White "Hubert, Rene"]
[Black "Nadin, Corinne"]
[Result "1-0"]
[WhiteElo "1213"]
[BlackElo "1231"]
[Termination "renhub won by checkmate"]
[Round "?"]
[WhiteCountry "bel"]
[BlackCountry "bel"]

{ Cadence : 300+15 } 1. e4 c6 2. d4 d5 3. e5 Bf5 4. Nf3 e6 5. Bd3 Bxd3 6. Qxd3 
Ne7 7. O-O Nf5 8. c3 Nd7 9. Re1 c5 10. dxc5 Bxc5 11. Bg5 Be7 12. Bxe7 Qxe7 
13. Nbd2 O-O 14. Nb3 Rac8 15. Rac1 Nb6 16. Nbd4 Nxd4 17. Nxd4 a6 18. f4 Qc5 
19. Kh1 Rc7 20. f5 Nd7 21. fxe6 Nb8 22. exf7+ Kxf7 23. Qxh7 Re7 24. Rf1+ Ke8 
25. Rxf8+ Kxf8 26. Qh8+ Kf7 27. Qxb8 Qc4 28. e6+ Kf6 29. Qf4+ Kg6 30. Qg4+ 
Kf6 31. Qf5# 1-0